El señorío de Pedraza : (Record n. 27492)

Dettagli MARC
000 -LEADER
fixed length control field 00732nam a2200205 i 4500
003 - CONTROL NUMBER IDENTIFIER
control field IT-RoINE
005 - DATE AND TIME OF LATEST TRANSACTION
control field 20200909043451.0
008 - FIXED-LENGTH DATA ELEMENTS--GENERAL INFORMATION
fixed length control field 181109s sp aj|||r|||| 000|||spa|d
020 ## - INTERNATIONAL STANDARD BOOK NUMBER
International Standard Book Number 9788492389513
040 ## - CATALOGING SOURCE
Transcribing agency IT-RoINE
Modifying agency IT-RoINE
245 ## - TITLE STATEMENT
Title El señorío de Pedraza :
Remainder of title tres linajes en su historia /
Statement of responsibility, etc [Luciano Municio Gómez]
260 ## - PUBLICATION, DISTRIBUTION, ETC. (IMPRINT)
Place of publication, distribution, etc [Segovia] :
Name of publisher, distributor, etc Fundación Villa de Pedraza,
Date of publication, distribution, etc [2010]
300 ## - PHYSICAL DESCRIPTION
Extent 85 p. :
Other physical details il. bl. y n., tab. geneal. ;
Dimensions 21 cm.
336 ## - CONTENT TYPE
Source rdacontent
Content type term text
337 ## - MEDIA TYPE
Source rdamedia
Media type term unmediated
338 ## - CARRIER TYPE
Source rdacarrier
Carrier type term volume
504 ## - BIBLIOGRAPHY, ETC. NOTE
Bibliography, etc Incluye referencias bibliográficas en las notas a pie de página.
650 #4 - SUBJECT ADDED ENTRY--TOPICAL TERM
9 (RLIN) 54211
Topical term or geographic name as entry element Señoríos
Geographic subdivision España
-- Pedraza
General subdivision Historia
942 ## - ADDED ENTRY ELEMENTS (KOHA)
Item type Monografías
Dati di copia
Withdrawn status Lost status Damaged status Not for loan Home library Current library Date acquired Total Checkouts Full call number Barcode Date last seen Price effective from Koha item type
        Iglesia Nacional Española en Roma Iglesia Nacional Española en Roma 09/11/2018   HIS.ESP.3. 454 53225 09/11/2018 09/11/2018 Monografías